Rumah Cik Teh and Rumah Tengku Nik Istana Maziah Kuala Trengganu (Record no. 59078)

MARC details
000 -LEADER
fixed length control field 00712nam a2200217 i 4500
001 - CONTROL NUMBER
control field C2-0244925
003 - CONTROL NUMBER IDENTIFIER
control field PPAK
005 - DATE AND TIME OF LATEST TRANSACTION
control field 20180727210043.0
008 - FIXED-LENGTH DATA ELEMENTS--GENERAL INFORMATION
fixed length control field 030203s xx a|||| ||||| | eng d
040 ## - CATALOGING SOURCE
Original cataloging agency PPAK
Language of cataloging eng
Transcribing agency PPAK
Description conventions rda
082 04 - DEWEY DECIMAL CLASSIFICATION NUMBER
Classification number 690.5
Edition number 23
090 00 - LOCALLY ASSIGNED LC-TYPE CALL NUMBER (OCLC); LOCAL CALL NUMBER (RLIN)
Classification number (OCLC) (R) ; Classification number, CALL (RLIN) (NR) 690.5
Feature heading RUM
Feature heading KSA
245 00 - TITLE STATEMENT
Title Rumah Cik Teh and Rumah Tengku Nik Istana Maziah Kuala Trengganu
264 #1 - PRODUCTION, PUBLICATION, DISTRIBUTION, MANUFACTURE, AND COPYRIGHT NOTICE
Place of production, publication, distribution, manufacture [place of publication not identified] :
Name of producer, publisher, distributor, manufacturer [publisher not identified] ,
Date of production, publication, distribution, manufacture, or copyright notice [date of publication not identified]
300 ## - PHYSICAL DESCRIPTION
Extent 115 pages :
Other physical details illustrations ;
Dimensions 21 cm
336 ## - CONTENT TYPE
Source rdacontent
Content type term text
337 ## - MEDIA TYPE
Source rdamedia
Media type term unmediated
338 ## - CARRIER TYPE
Source rdacarrier
Carrier type term volume
650 10 - SUBJECT ADDED ENTRY--TOPICAL TERM
Topical term or geographic name entry element House construction - Specifications
942 ## - ADDED ENTRY ELEMENTS (KOHA)
-- dc
Koha item type Book
Holdings
Withdrawn Not for loan Current library Shelving location Date acquired Full call number Barcode Date last seen Koha item type
  Not For Loan Perpustakaan Alor Setar Koleksi S.N. Shahnon Ahmad 03/02/2003 KSA 690.5 RUM A00204512 08/05/2018 Book